000 00478nam a2200181 a 4500
001 1772189679258
003 YourLibrary
005 20260227162635.0
008 260227s2009##################000#0#eng##
020 _a9780737742961
082 0 4 _a323.448
_bESP
100 1 _aEspejo, Roman,
_eauthor.
245 1 0 _aRFID Technology :
260 _bGreenhaven Publishing,
_c2009.
650 0 _aYoung Adult Nonfiction.
942 _cENGLISH
040 _aYourLibrary
_beng
_cYourLibrary
999 _c616055
_d616055